• 首页
  • 本馆介绍
  • 公告通知
  • 最新文献
  • 馆藏检索
  • 电子资源
  • 读者导购
  • 参考咨询
  • 我的图书馆
  • 登录
  • 详细信息显示
  • 放入我的书架
  • 预约/预借图书
  • 作者相关作品
  • 分类相关作品
  • 丛书相关作品
  • 出版社相关作品

书目信息

  • 表格格式
  • 工作单格式
  • 卡片格式
题名:
中共唐山年鉴
    
 
作者: 刘作生 主编 ;中共唐山年鉴编委会 编
分册: 2009年卷  
出版信息: 北京   中央文献出版社  2009
页数: 674页
开本: 26cm
丛书名:
单 册:
中图分类: D235.223-54 , D235.223-54
科图分类:
主题词: 中国共产党
电子资源:
ISBN: 978-7-5073-2928-5
000 01165nam0 2200301 450
001 1331768391
005 20130423085050.29
010    @a978-7-5073-2928-5@b精装@dCNY152.00
090    @aD23@blzs
096    @aD23@blzs
100    @a20100622d2009 emky0chiy50 ea
101 0  @achi
102    @aCN@b110000
105    @aa igz 000yy
106    @ar
200 1  @a中共唐山年鉴@h2009年卷@b专著@f刘作生主编@g中共唐山年鉴编籑委员会编@Azhong gong tang shan nian jian
210    @a北京@c中央文献出版社@d2009
215    @a674页@c彩照@d26cm
330    @a本书记述了2008年度唐山市政治、经济、文化、社会等各方面取得的新成就、新经验、新变化。全书分特载、施政纲要、重要活动、唐山概况、党务工作、群团工作、政法工作、军事工作、院校工作、金融保险工作、企业工作等15个类目。
601 02 @a中国共产党
601 02 @a中国共产党@x工作@y唐山@z2009@j年鉴
606 0  @a中国共产党
690    @aD235.223-54@v4
690    @aD235.223-54@v4
701  0 @a刘作生@4主编@Aliu zuo sheng
712 02 @a中共唐山年鉴编委会@4编@Azhong gong tang shan nian jian bian wei hui
801  0 @aCN@b大连网信软件有限公司图书馆·11@c20130423
905    @aZUCC@dD235.223-54@e202(2009)
    
    中共唐山年鉴.2009年卷/刘作生主编/中共唐山年鉴编籑委员会编.-北京:中央文献出版社,2009
    674页:彩照;26cm
    
    
    ISBN 978-7-5073-2928-5(精装):CNY152.00
    本书记述了2008年度唐山市政治、经济、文化、社会等各方面取得的新成就、新经验、新变化。全书分特载、施政纲要、重要活动、唐山概况、党务工作、群团工作、政法工作、军事工作、院校工作、金融保险工作、企业工作等15个类目。
●
相关链接 在E读中查询图书 在五车中查询图书 在当当中查询图书 在豆瓣中查询图书


正题名:中共唐山年鉴     索取号:D235.223-54/202(2009)         预约/预借

序号 登录号 条形码 馆藏地/架位号 状态 备注
1 0625666   206256665   第一样本阅览室/ [索取号:D235.223-54/202(2009)] 在馆    
唐山师范学院图书馆 欢迎您!
大连网信软件有限公司© 版权所有